Top 10 Classement FIFA des Nations 2025 - Statistiques

Statistiques générales
  • Ce quiz a été pris 203 fois
  • Le résultat moyen est 9 sur 10
Statistiques - réponses
Hint Réponse % Correct
2 Espagne
99%
3 France
99%
1 Argentine
98%
5 Brésil
98%
10 Allemagne
97%
4 Angleterre
95%
8 Belgique
93%
9 Italie
91%
6 Pays-Bas
86%
7 Portugal
79%
Aucun quiz correspondant
Distribution des résultats
% des personnes avec chaque résultat
Percentile par nombre de réponses
Votre historique - résultats
Vous n’avez pas pris ce quiz